000 00517nam a2200193 a 4500
001 1771248326403
003 YourLibrary
005 20260216185648.0
008 260216s1996##################000#0#eng##
020 _a9780521466950
082 0 4 _a320.01
_bALK
100 1 _aAlker, Hayward R.,
_eauthor.
245 1 0 _aRediscoveries and Reformulations :
260 _bCambridge University Press,
_c1996.
300 _a490 pages
650 0 _aPhilosophy.
942 _cENGLISH
040 _aYourLibrary
_beng
_cYourLibrary
999 _c612760
_d612760